=LDR 00000nam 2200000 4500 =001 000417 =005 20250711022538 =035 ##$$a 0010-0725000279 =007 ta =008 250711################a##########0#ind## =020 ##$$a 978-623-472-258-1 =082 ##$$a 398.209 598 =100 #$$a Quader,Suhel =245 1#$$a Engkaukah Pelatuk Itu? /$c Suhel Quader =250 ##$$a Pertama =260 ##$$a Jakarta :$b Badan Pengembangan dan Pembinaan Bahasa,$c 2022 =300 ##$$a 20hlm. : $b ilus. ; $c 22,9cm =650 #4$$a cerita anak indonesia terjemahan =650 #4$$a literasi bahan bacaan =700 #$$a Kalyani Ganapathy =856 ##$$a TBM ASYUHADA =084 ##$$a 398.209 598 QUA e =990 ##$$a TBM202400141 =990 ##$$a TBM202400195